000 00996nam a2200277 a 4500
001 000016393
003 DO-SdBNP
005 20250924073801.0
007 ta
008 100304s1988 dr a 001 0 spa d
040 _aDO-SdBNP
_bspa
_cBNPHU
049 _aBNPD
082 4 _bC352i
_222
100 1 _aCastillo Díaz, Gineida
_97697
245 1 3 _aLa investigación en la universidad dominicana 1980-1985 :
_bsituación y perspectivas /
_cGineida Castillo Díaz , Alejandrina Germán Mejía.
260 _aSanto Domingo :
_bUASD,
_c1988.
300 _a270 p. :
_bil. ;
_c21 cm.
490 1 _aEducación y sociedad
_v35
490 1 _aPublicaciones de la Universidad Autónoma de Santo Domingo
_v599
590 _aInventariado, 2022/BT
700 1 _aGermán Mejía, Alejandrina
_936556
710 1 _aUniversidad Autónoma de Santo Domingo
_972951
830 0 _aEducación y sociedad
_n35
_936557
830 _aPublicaciones de la Universidad Autónoma de Santo Domingo
_952
942 _2ddc
_cLBS1
999 _c15928
_d15928